La Colección Ville-Fabra de arte negro, en París
Descripción Física:
[5] p. : il. ; 33 cm
Materias:
Art negre
MARC
| LEADER | 00000nam a2200000Ia 4500 | ||
|---|---|---|---|
| 001 | 17558 | ||
| 008 | 160829s1950 xx 000 0 cat d | ||
| 080 | |a FU-2-32 | ||
| 100 | |a Cid Priego, Carlos |9 19791 | ||
| 245 | |a La Colección Ville-Fabra de arte negro, en París | ||
| 260 | |a Castellar del Vallès : |b Industrias Gráficas Ribera, |c 1950 | ||
| 300 | |a [5] p. : |b il. ; |c 33 cm | ||
| 590 | |a Separata de la revista Estudios, página 8. | ||
| 590 | |a Prové de R.168 del currículum per la plaça de conservador del Museu Arqueològic, 1957 | ||
| 650 | |a Art negre |9 31164 | ||
| 856 | 4 | |u https://media.diba.cat/diba/fitxers/arxiu/fulletons/bib_17558_baixa.pdf |y Accés lliure | |
| 856 | 4 | |u https://media.diba.cat/diba/fitxers/arxiu/fulletons/bib_17558_baixa.pdf |y Accés lliure | |
| 901 | |a Arxiu | ||
| 942 | |n 1 |2 udc | ||
| 952 | |0 0 |1 0 |4 0 |6 FU232 |7 1 |9 53306 |a Arxiu |b Arxiu |d 2016-12-01 |l 0 |o FU-2-32 |p 17558 |r 2016-12-01 00:00:00 |w 2016-12-01 |y ARXIU | ||
| 999 | |c 57170 |d 57170 | ||
| 900 | |a bib_17558_baixa.pdf | ||